| 000 -LEADER |
| fixed length control field |
00883cam a2200229 a 4500 |
| 001 - CONTROL NUMBER |
| control field |
17806601 |
| 005 - DATE AND TIME OF LATEST TRANSACTION |
| control field |
20221114111308.0 |
| 008 - FIXED-LENGTH DATA ELEMENTS--GENERAL INFORMATION |
| fixed length control field |
130710s2013 enk b 001 0 eng d |
| 020 ## - INTERNATIONAL STANDARD BOOK NUMBER |
| International Standard Book Number |
9780199692729x |
| 041 ## - LANGUAGE CODE |
| Language code of text/sound track or separate title |
eng |
| 080 ## - UNIVERSAL DECIMAL CLASSIFICATION NUMBER |
| Universal Decimal Classification number |
327(4) K-78 |
| 100 1# - MAIN ENTRY--PERSONAL NAME |
| Personal name |
Koutrakos, Panos |
| 9 (RLIN) |
10880 |
| 245 14 - TITLE STATEMENT |
| Title |
The EU common security and defence policy / |
| Statement of responsibility, etc. |
Panos Koutrakos. |
| 250 ## - EDITION STATEMENT |
| Edition statement |
First edition. |
| 264 ## - PRODUCTION, PUBLICATION, DISTRIBUTION, MANUFACTURE, AND COPYRIGHT NOTICE |
| Place of production, publication, distribution, manufacture |
Oxford, United Kingdom : |
| Name of producer, publisher, distributor, manufacturer |
Oxford University Press, |
| Date of production, publication, distribution, manufacture, or copyright notice |
2013. |
| 300 ## - PHYSICAL DESCRIPTION |
| Extent |
318 p. ; |
| Dimensions |
24 cm. |
| 490 1# - SERIES STATEMENT |
| Series statement |
Oxford European Union law library |
| 653 ## - INDEX TERM--UNCONTROLLED |
| keyword |
The EU Common Security and Defense Policy |
| 653 ## - INDEX TERM--UNCONTROLLED |
| keyword |
ევროკავშირის საერთო უსაფრთხოება და თავდაცვის პოლიტიკა |
| 653 ## - INDEX TERM--UNCONTROLLED |
| keyword |
Общая политика безопасности и обороны ЕС |
| 942 ## - ADDED ENTRY ELEMENTS (KOHA) |
| Source of classification or shelving scheme |
|
| Koha item type |
წიგნი |